000 00508nam a2200193Ia 4500
005 20240404114756.0
008 131103s9999 xx 000 0 und d
040 _aLoreto College
041 _aEnglish
082 _a425
_bAGG
100 _aAggarwala, N.K.
245 _aLanguage skills and comprehension
_cN.K.Aggarwala
260 _aNew Delhi
_bMacmillan
_c1994
300 _aV.5
_b ill.
650 _aEnglish language
651 _aLanguage skills and comprehension
850 _aLCBED
942 _cBK
999 _c27718
_d78197